De dreta a esquerra : memòries polítiques / Xavier Muñoz memòries polítiques / Xavier Muñoz
Descripción Física:
202 p. ; 20 cm
Colección:
Polítiques ; 9
MARC
| LEADER | 00000nam a2200000Ia 4500 | ||
|---|---|---|---|
| 001 | 9194 | ||
| 008 | 160829s1990 xx 000 0 cat d | ||
| 080 | |a H-1-184 | ||
| 100 | |a Muñoz i Pujol, Xavier |9 32312 | ||
| 245 | |a De dreta a esquerra : |b memòries polítiques / Xavier Muñoz | ||
| 260 | |a Barcelona : |b Edicions 62, |c 1990 | ||
| 300 | |a 202 p. ; |c 20 cm | ||
| 490 | |a Polítiques ; 9 | ||
| 650 | |a Muñoz i Pujol, Xavier |x Biografia |9 32313 | ||
| 651 | 0 | |a Catalunya |x Política i govern |y S. XX |9 55663 | |
| 901 | |a Arxiu | ||
| 942 | |n 1 | ||
| 952 | |0 0 |1 0 |4 0 |6 H1184 |7 1 |9 45941 |a Arxiu |b Arxiu |d 2016-12-01 |l 0 |o H-1-184 |p 9194 |r 2016-12-01 00:00:00 |w 2016-12-01 |y ARXIU | ||
| 999 | |c 49442 |d 49442 | ||